La Universidad en transformación : (Record no. 117999)

MARC details
000 -LEADER
fixed length control field 00923cam a2200241 4500
008 - FIXED-LENGTH DATA ELEMENTS--GENERAL INFORMATION
fixed length control field 070423s20032003sp 000 0 spa u
020 ## - INTERNATIONAL STANDARD BOOK NUMBER
International Standard Book Number 8487682472
245 13 - TITLE STATEMENT
Title La Universidad en transformación :
Remainder of title Perspectivas globales sobre los futuros de la universidad /
Statement of responsibility, etc Sohail Inayatullah ; comp., Jennifer Gildley ; José M. Pomares, tr.
250 ## - EDITION STATEMENT
Edition statement 1a ed.
260 ## - PUBLICATION, DISTRIBUTION, ETC. (IMPRINT)
Place of publication, distribution, etc Barcelona :
Name of publisher, distributor, etc Pomares,
Date of publication, distribution, etc 2003
300 ## - PHYSICAL DESCRIPTION
Extent 368 p. ;
Dimensions 23 cm
500 ## - GENERAL NOTE
General note Traducción de: The University in transformation. Global perspectives on the futures of the University.
504 ## - BIBLIOGRAPHY, ETC. NOTE
Bibliography, etc Incluye bibliografías e índices
506 ## - RESTRICTIONS ON ACCESS NOTE
Terms governing access PIFI 3.1
650 #7 - SUBJECT ADDED ENTRY--TOPICAL TERM
Topical term or geographic name as entry element Educación superior
General subdivision Metas y objetivos
Source of heading or term Lemb
650 #7 - SUBJECT ADDED ENTRY--TOPICAL TERM
Topical term or geographic name as entry element Cambio educativo
Source of heading or term Lemb
700 1# - ADDED ENTRY--PERSONAL NAME
Personal name Inayatulah, Sohail. comp.
700 1# - ADDED ENTRY--PERSONAL NAME
Personal name Giley, Jennifer. comp.
700 1# - ADDED ENTRY--PERSONAL NAME
Personal name Pomares, José M. tr.
942 ## - ADDED ENTRY ELEMENTS (KOHA)
Source of classification or shelving scheme Biblioteca del Cogreso de los Estados Unidos
Koha item type Libro
Holdings
Estado de pérdida Fuente de clasificación Estado del daño No para préstamo Ubicación permanente Ubicación actual Apartado o colección Fecha de adquisición Edición Dependencia de educación superior (DES) Área del conocimiento Clasificación Código de Barras Date last seen Número de copia Tipo de recurso
  Biblioteca del Cogreso de los Estados Unidos     Biblioteca de la Facultad de Odontología Biblioteca de la Facultad de Odontología General 12/08/2016 1a. ed. Ciencias de la Salud Educación y Humanidades LB2324 U56 2003 BFO000002751 12/08/2016 C:3 Libro
  Biblioteca del Cogreso de los Estados Unidos     Biblioteca de la Facultad de Odontología Biblioteca de la Facultad de Odontología General 12/08/2016 1a. ed. Ciencias de la Salud Educación y Humanidades LB2324 U56 2003 BFO000002749 12/08/2016 C:2 Libro
  Biblioteca del Cogreso de los Estados Unidos     Biblioteca de la Facultad de Odontología Biblioteca de la Facultad de Odontología General 12/08/2016 1a. ed. Ciencias de la Salud Educación y Humanidades LB2324 U56 2003 BFO000002750 12/08/2016 C:1 Libro